000 01474nam a2200229Ia 4500
001 IA_So are wont, development and analyzed the feasibility of carrying out the investment project for the creation of the malting plant in the municipality of Tlaxco, Tlaxcala for the trial of six thousand tons of malt at full capacity, which results obtained show an Internal Rate of Return for the project of 23% and Net Present Value of 96,565,389.00 which indicate that the project is viable, likewise, the investment has a payback period of 5.27 years and a benefit-cost ratio of 1.33. According to the above is determined that the project is economically viable and feasible to develop.
002 ESTUDIO DE FACTIBILIDAD TECNICO-ECONOMICA PARA LA
008 220117s xx 000 0 und d
010 _a184513
530 _aDisponible en PDF
583 _a1 ej. imp. ; 2 ej. CD
650 0 _aCebada cervecera
_xIndustria y comercio
_zMéxico
_zTlaxcala
_9157188
650 0 _aEntrepreneurship
_zMexico
_zTlaxcala
_9157189
650 0 _aIniciativa empresarial
_zMéxico
_zTlaxcala
_9157190
650 0 _aMalting barley
_xIndustry and trade
_zMexico
_zTlaxcala
_9157191
700 _aAltamirano Cárdenas, J. Reyes, dir.
_9157192
700 _aSánchez González, Ricardo, coaut.
_9157193
700 _aSandoval Romero, Fermín, asesor
_9163717
700 _aSantoyo Cortés, V. Horacio, asesor
_9163718
942 _cTESIS C47 2012
999 _c184513
_d184513